Pearl Harbor
שמור ב:
| מחבר ראשי: | |
|---|---|
| פורמט: | ספר |
| שפה: | Undetermined |
| יצא לאור: |
[New York]
[Ballantine Books]
1969
|
| נושאים: | |
| תגים: |
הוספת תג
אין תגיות, היה/י הראשונ/ה לתייג את הרשומה!
|
| Thư viện lưu trữ: | Trung tâm Học liệu Trường Đại học Cần Thơ |
|---|
| LEADER | 00458nam a2200169Ia 4500 | ||
|---|---|---|---|
| 001 | CTU_114469 | ||
| 008 | 210402s9999 xx 000 0 und d | ||
| 082 | |a 940.5311 | ||
| 082 | |b B255 | ||
| 100 | |a Barker, A. J. | ||
| 245 | 0 | |a Pearl Harbor | |
| 245 | 0 | |c A. J. Barker | |
| 260 | |a [New York] | ||
| 260 | |b [Ballantine Books] | ||
| 260 | |c 1969 | ||
| 650 | |a Pearl harbor (hawaii), attack on, 1941. | ||
| 980 | |a Trung tâm Học liệu Trường Đại học Cần Thơ | ||